LIT 318: (Record no. 9309)

MARC details
000 -LEADER
fixed length control field 00391nam a22001337a 4500
005 - DATE AND TIME OF LATEST TRANSACTION
control field 20230224160353.0
008 - FIXED-LENGTH DATA ELEMENTS--GENERAL INFORMATION
fixed length control field 230224b |||||||| |||| 00| 0 eng d
040 ## - CATALOGING SOURCE
Transcribing agency ##$aRTC$cRTC
082 ## - DEWEY DECIMAL CLASSIFICATION NUMBER
Classification number 808
245 ## - TITLE STATEMENT
Title LIT 318:
Remainder of title House of Mirrors: Postmodernist Literature
Statement of responsibility, etc. BA English Studies
260 ## - PUBLICATION, DISTRIBUTION, ETC.
Place of publication, distribution, etc. Thimphu;
Name of publisher, distributor, etc. Royal Thimphu College,
Date of publication, distribution, etc. 2023
300 ## - PHYSICAL DESCRIPTION
Extent 20 p.
Dimensions 29.7 cm
942 ## - ADDED ENTRY ELEMENTS (KOHA)
Source of classification or shelving scheme Dewey Decimal Classification
Koha item type CE Textbook
Holdings
Withdrawn status Lost status Source of classification or shelving scheme Damaged status Not for loan Collection code Home library Current library Shelving location Date acquired Serial Enumeration / chronology Full call number Barcode Date last seen Price effective from Koha item type
    Dewey Decimal Classification     Binding Materials. RTC Library RTC Library CE Textbook 24/02/2023 177148 808 LIT c.1 30018306 24/02/2023 24/02/2023 CE Textbook
    Dewey Decimal Classification     Binding Materials. RTC Library RTC Library CE Textbook 24/02/2023 177149 808 LIT c.2 30018223 24/02/2023 24/02/2023 CE Textbook
    Dewey Decimal Classification     Binding Materials. RTC Library RTC Library CE Textbook 24/02/2023 177150 808 LIT c.3 30018226 24/02/2023 24/02/2023 CE Textbook
Royal Thimphu College || All Right Reserved